Хрестоматия для фагота. Музыкальное училище. I курс ноты
Хрестоматия содержит произведения крупной формы и пьесы. В сборник вошли сочинения, входящие в программы музыкальных училищ, а также опусы, менее популярные в педагогической практике. Издание адресовано преподавателям и студентам-фаготистам первых курсов музыкальных училищ. The anthology consists...
Zapisane w:
| Format: | Книга |
|---|---|
| Język: | Russian |
| Wydane: |
Санкт-Петербург
Планета музыки
2024
|
| Hasła przedmiotowe: | |
| Dostęp online: | https://e.lanbook.com/book/396521 https://e.lanbook.com/img/cover/book/396521.jpg |
| Etykiety: |
Dodaj etykietę
Nie ma etykietki, Dołącz pierwszą etykiete!
|
| LEADER | 01946nam0a2200301 i 4500 | ||
|---|---|---|---|
| 001 | 396521 | ||
| 003 | RuSpLAN | ||
| 005 | 20240311154825.0 | ||
| 008 | 240311s2024 ru gs 000 0 rus | ||
| 020 | |a 978-5-507-49450-7 | ||
| 040 | |a RuSpLAN | ||
| 041 | 0 | |a rus | |
| 044 | |a ru | ||
| 080 | |a 788.8 | ||
| 084 | |a 85.957.27 |2 rubbk | ||
| 245 | 0 | 0 | |a Хрестоматия для фагота. Музыкальное училище. I курс |b ноты |
| 260 | |a Санкт-Петербург |b Планета музыки |c 2024 | ||
| 300 | |a 128 с. | ||
| 504 | |a Библиогр.: доступна в карточке книги, на сайте ЭБС Лань | ||
| 520 | 8 | |a Хрестоматия содержит произведения крупной формы и пьесы. В сборник вошли сочинения, входящие в программы музыкальных училищ, а также опусы, менее популярные в педагогической практике. Издание адресовано преподавателям и студентам-фаготистам первых курсов музыкальных училищ. The anthology consists of works of a sonata form and pieces. The collection presents works included in curriculums of music colleges as well as compositions no so widely performed by students. The edition is addressed to teachers and first-year bassoon students of music colleges. | |
| 521 | 8 | |a Книга из коллекции Планета музыки - Музыка и театр | |
| 653 | 0 | |a фагот | |
| 653 | 0 | |a пьесы для фагота | |
| 653 | 0 | |a произведения для фагота | |
| 653 | 0 | |a деревянные духовые инструменты | |
| 856 | 4 | |u https://e.lanbook.com/book/396521 | |
| 856 | 4 | 8 | |u https://e.lanbook.com/img/cover/book/396521.jpg |
| 953 | |a https://e.lanbook.com/img/cover/book/396521.jpg | ||